00330nam a2200109Ia 4500008004100000020001800041040002900059050002800088100002400116245004200140260003800182230222s9999||||xx |||||||||||||| ||und|| a9788131727003 cChuka University Library a BSL TK 7867 bB69 2009 aNashelsky .L.Robert 0aElectronic devices and circuit theory aPearsonbDorling kindersleyc2009